It's Perfectly Normal / A Book about Changing Bodies, Growing up, Sex and Sexual Health (Record no. 2129)

000 -LEADER
fixed length control field 00902nam a22002777a 4500
003 - CONTROL NUMBER IDENTIFIER
control field OSt
005 - DATE AND TIME OF LATEST TRANSACTION
control field 20210414095244.0
008 - FIXED-LENGTH DATA ELEMENTS--GENERAL INFORMATION
fixed length control field 210311s2004 ||||| |||| 00| 0 eng d
020 ## - INTERNATIONAL STANDARD BOOK NUMBER
International Standard Book Number 9781564021595 (first paperback edition)
020 ## - INTERNATIONAL STANDARD BOOK NUMBER
International Standard Book Number 1564021599 (first paperback edition)
020 ## - INTERNATIONAL STANDARD BOOK NUMBER
International Standard Book Number 9780763624330 (second paperback edition)
020 ## - INTERNATIONAL STANDARD BOOK NUMBER
International Standard Book Number 0763624330 (second paperback edition)
040 ## - CATALOGING SOURCE
Original cataloging agency eng
Language of cataloging eng
Transcribing agency DLC
041 ## - LANGUAGE CODE
Language code of text/sound track or separate title eng
080 ## - UNIVERSAL DECIMAL CLASSIFICATION NUMBER
Universal Decimal Classification number 61
Item number H-30
100 ## - MAIN ENTRY--PERSONAL NAME
9 (RLIN) 1363
Personal name Harris, H. Robie
245 ## - TITLE STATEMENT
Title It's Perfectly Normal / A Book about Changing Bodies, Growing up, Sex and Sexual Health
Statement of responsibility, etc. / by: Candlewick Press
250 ## - EDITION STATEMENT
Edition statement 2nd edition
260 ## - PUBLICATION, DISTRIBUTION, ETC.
Place of publication, distribution, etc. Cambridge, Mass.
Name of publisher, distributor, etc. Candlewick Press
Date of publication, distribution, etc. 2004
300 ## - PHYSICAL DESCRIPTION
Extent 95 p.
Other physical details ill,
365 ## - TRADE PRICE
Price amount 10.99 usd
650 #0 - SUBJECT ADDED ENTRY--TOPICAL TERM
9 (RLIN) 69
Topical term or geographic name entry element Medicine
653 ## - INDEX TERM--UNCONTROLLED
Uncontrolled term მედიცინა
700 ## - ADDED ENTRY--PERSONAL NAME
9 (RLIN) 1364
Personal name Emberley, Michael
Relator term Illustrator
942 ## - ADDED ENTRY ELEMENTS (KOHA)
Source of classification or shelving scheme
Koha item type Books
Edition 2
Holdings
Withdrawn status Lost status Source of classification or shelving scheme Damaged status Not for loan Permanent location Current location Date acquired Inventory number Total Checkouts Full call number Barcode Date last seen Price effective from Koha item type
          Ken Walker International University Ken Walker International University 03/11/2021 1529   61 H-30 1529 03/11/2021 03/11/2021 Books

Powered by Koha